00798nam a22001937a 450000500170000000800400001702000180005705000250007510000280010024501040012825000110023226000960024330000210033949000860036060000660044665000330051265000200054570000390056520151214091034.0151214b cl||||| |||| 00| 0 spa d a978958665113404aB2430 .S34bG66 20081 aGómez-Muller, Alfredo10aSartre, de la náusea al compromiso / cAlfredo Gómez Muller ; tr. de Ángela Calvo de Saavedra a1a ed. aBogotá, Colombia : bSiglo del Hombre Editores : Pontificia Universidad Javeriana, c2008 a250 p. ;c21 cm. 0a Serie LinkBiblioteca universitaria. Ciencias sociales y humanidades. Filosofía1 aSartre, Jean-Paul, d1905-1980 xCrítica e interpretación 4aCrítica e interpretación 4aExistencialismo1 aCalvo de Saavedra, Ángela, etr.